[Event "21st Capablanca Memorial group A"]
[Site "Havana CUB"]
[Date "1986.??.??"]
[Round "1"]
[White "Vladimirov, Evgeny"]
[Black "Nogueiras Santiago, Jesus"]
[Result "1-0"]
[WhiteElo "2490"]
[BlackElo "2570"]
[EventDate "1986.05.20"]
[PlyCount "67"]

1.d4 d5 2.c4 c6 3.Nf3 Nf6 4.Nc3 e6 5.Bg5 Nbd7 6.e3 Qa5 7.cxd5 Nxd5 8.Qd2 
N7b6 9.Bd3 Nxc3 10.bxc3 Na4 11.O-O Qxc3 12.Qe2 Qb2 13.Bc2 Qb5 14.Bd3 Qb2 
15.Qd1 Nc3 16.Qe1 f6 17.Bh4 Bb4 18.a3 Ba5 19.e4 Bd7 20.Qe3 Bb6 21.Bc4 e5 
22.Qd3 g5 23.Bg3 g4 24.Rab1 Ne2+ 25.Kh1 Qc3 26.Qxe2 gxf3 27.gxf3 Qxd4 28.
Rfd1 Qc5 29.Bf7+ Ke7 30.f4 exf4 31.Rxd7+ Kxd7 32.Qg4+ f5 33.Rd1+ Ke7 34.
Qg7 1-0

[Event "21st Capablanca Memorial group A"]
[Site "Havana CUB"]
[Date "1986.??.??"]
[Round "1"]
[White "Garcia Palermo, Carlos"]
[Black "Kirov, Nino"]
[Result "1-0"]
[WhiteElo "2550"]
[BlackElo "2485"]
[EventDate "1986.05.20"]
[PlyCount "49"]

1.d4 d5 2.c4 c6 3.e3 Nf6 4.Nc3 Bg4 5.Qb3 Qb6 6.f3 Be6 7.c5 Qc7 8.Nge2 Bc8 
9.e4 dxe4 10.Bf4 Qa5 11.O-O-O exf3 12.Ng3 Na6 13.gxf3 b6 14.Bc4 e6 15.a3 
bxc5 16.d5 cxd5 17.Nxd5 exd5 18.Bxd5 Be7 19.Bc6+ Bd7 20.Bxd7+ Kf8 21.Qb5 
Qb6 22.Bc6 Rd8 23.Qxb6 axb6 24.Bb7 Rxd1+ 25.Rxd1 1-0

[Event "21st Capablanca Memorial group A"]
[Site "Havana CUB"]
[Date "1986.??.??"]
[Round "1"]
[White "Diaz Diaz, Joaquin"]
[Black "Eingorn, Viacheslav"]
[Result "1/2-1/2"]
[WhiteElo "2365"]
[BlackElo "2560"]
[EventDate "1986.05.20"]
[PlyCount "97"]

1.e4 c5 2.Nf3 e6 3.d4 cxd4 4.Nxd4 a6 5.Bd3 Nf6 6.c4 Nc6 7.Nxc6 dxc6 8.O-O 
e5 9.Qe2 Be6 10.Nd2 a5 11.h3 Nd7 12.Nf3 Bc5 13.b3 O-O 14.Bb2 f6 15.a3 Qe7 
16.Ne1 Rfd8 17.Nc2 Nf8 18.Rfd1 Bf7 19.Bc3 Ne6 20.Qe1 Nd4 21.Nxd4 Bxd4 22.
Bxd4 Rxd4 23.Bf1 Rxd1 24.Qxd1 Kf8 25.Qd2 Qd8 26.Qd1 Qxd1 27.Rxd1 Ke7 28.f3
g6 29.g4 Be6 30.Kf2 c5 31.a4 h5 32.gxh5 g5 33.Kg3 Rh8 34.h4 Rxh5 35.hxg5 
fxg5 36.Bg2 Rh6 37.Re1 Rf6 38.Rh1 Bf7 39.Rd1 Be6 40.Rh1 Rf8 41.Rd1 Rh8 42.
Rd2 Rf8 43.Rd1 b6 44.Rd2 Rf4 45.Rd1 g4 46.Rh1 gxf3 47.Bxf3 Bf7 48.Rh7 Ke6 
49.Bh5 1/2-1/2

[Event "21st Capablanca Memorial group A"]
[Site "Havana CUB"]
[Date "1986.??.??"]
[Round "1"]
[White "Garcia Gonzales, Guillermo"]
[Black "Barbulescu, Dan"]
[Result "1/2-1/2"]
[WhiteElo "2495"]
[BlackElo "2450"]
[EventDate "1986.05.20"]
[PlyCount "23"]

1.d4 Nf6 2.Nf3 d5 3.c4 c6 4.e3 Bf5 5.Nc3 e6 6.Bd3 Bxd3 7.Qxd3 Nbd7 8.O-O 
Be7 9.e4 dxe4 10.Nxe4 Nxe4 11.Qxe4 O-O 12.Rd1 1/2-1/2

[Event "21st Capablanca Memorial group A"]
[Site "Havana CUB"]
[Date "1986.??.??"]
[Round "1"]
[White "Armas Gutierrez, Jorge"]
[Black "Ivkov, Borislav"]
[Result "1/2-1/2"]
[WhiteElo "2345"]
[BlackElo "2525"]
[EventDate "1986.05.20"]
[PlyCount "22"]

1.d4 e6 2.c4 f5 3.g3 Nf6 4.Bg2 Be7 5.Nf3 d5 6.O-O O-O 7.b3 c6 8.Bb2 Bd7 9.
Nbd2 Be8 10.Qc2 Bh5 11.Rae1 Ne4 1/2-1/2

[Event "21st Capablanca Memorial group A"]
[Site "Havana CUB"]
[Date "1986.??.??"]
[Round "2"]
[White "Armas Gutierrez, Jorge"]
[Black "Rodriguez Cespedes, Amador"]
[Result "0-1"]
[WhiteElo "2345"]
[BlackElo "2505"]
[EventDate "1986.05.20"]
[PlyCount "58"]

1.d4 Nf6 2.c4 e6 3.Nf3 b6 4.Nc3 Bb4 5.Bg5 Bb7 6.e3 h6 7.Bh4 Bxc3+ 8.bxc3 
d6 9.Bd3 Nbd7 10.O-O Qe7 11.Nd2 g5 12.Bg3 O-O-O 13.e4 h5 14.f4 h4 15.Be1 
gxf4 16.Rxf4 h3 17.Qf3 Rdg8 18.Bg3 hxg2 19.Kxg2 Nh5 20.Rxf7 Qg5 21.Nf1 
Ndf6 22.d5 Nf4+ 23.Kh1 e5 24.c5 dxc5 25.c4 Kb8 26.Bc2 Bc8 27.d6 cxd6 28.
Qd1 Rd8 29.a4 Bg4 0-1

[Event "21st Capablanca Memorial group A"]
[Site "Havana CUB"]
[Date "1986.??.??"]
[Round "2"]
[White "Ivkov, Borislav"]
[Black "Barbulescu, Dan"]
[Result "1/2-1/2"]
[WhiteElo "2525"]
[BlackElo "2450"]
[EventDate "1986.05.20"]
[PlyCount "29"]

1.Nf3 Nf6 2.d4 e6 3.c4 b6 4.e3 Bb7 5.Bd3 d5 6.O-O Bd6 7.Nc3 O-O 8.Qc2 Nc6 
9.a3 dxc4 10.Bxc4 e5 11.d5 Na5 12.Ba2 c5 13.e4 Ba6 14.Re1 c4 15.Nd1 
1/2-1/2

[Event "21st Capablanca Memorial group A"]
[Site "Havana CUB"]
[Date "1986.??.??"]
[Round "3"]
[White "Garcia Gonzales, Guillermo"]
[Black "Sunye Neto, Jaime"]
[Result "1/2-1/2"]
[WhiteElo "2495"]
[BlackElo "2480"]
[EventDate "1986.05.20"]
[PlyCount "30"]

1.d4 Nf6 2.c4 e6 3.Nf3 b6 4.Bg5 Bb7 5.Nc3 Be7 6.e3 Ne4 7.Nxe4 Bxe4 8.Bxe7 
Qxe7 9.Be2 O-O 10.O-O c5 11.Nd2 Bb7 12.Bf3 d6 13.Qa4 Bxf3 14.Nxf3 Nd7 15.
Rfd1 Nf6 1/2-1/2

[Event "21st Capablanca Memorial group A"]
[Site "Havana CUB"]
[Date "1986.??.??"]
[Round "3"]
[White "Diaz Diaz, Joaquin"]
[Black "Kirov, Nino"]
[Result "0-1"]
[WhiteElo "2365"]
[BlackElo "2485"]
[EventDate "1986.05.20"]
[PlyCount "46"]

1.c4 c5 2.Nf3 Nc6 3.d4 cxd4 4.Nxd4 e6 5.Nc3 a6 6.g3 Nxd4 7.Qxd4 Ne7 8.Bf4 
Nc6 9.Qd2 f6 10.Bd6 Bxd6 11.Qxd6 Qe7 12.Qd2 b5 13.O-O-O O-O 14.Bg2 Ra7 15.
f4 Rc7 16.Rhe1 Bb7 17.cxb5 axb5 18.Nxb5 Rfc8 19.Nxc7 Rxc7 20.Qd6 Qxd6 21.
Rxd6 Kf8 22.a3 Ke7 23.Rd3 Na7+ 0-1

[Event "21st Capablanca Memorial group A"]
[Site "Havana CUB"]
[Date "1986.??.??"]
[Round "3"]
[White "Vladimirov, Evgeny"]
[Black "Armas Gutierrez, Jorge"]
[Result "1-0"]
[WhiteElo "2490"]
[BlackElo "2345"]
[EventDate "1986.05.20"]
[PlyCount "89"]

1.d4 Nf6 2.c4 e6 3.Nc3 Bb4 4.e3 c5 5.Bd3 Nc6 6.Ne2 d5 7.O-O O-O 8.a3 cxd4 
9.exd4 Be7 10.Re1 dxc4 11.Bxc4 a6 12.Ba2 b5 13.Bg5 b4 14.axb4 Nxb4 15.Bb3 
Bb7 16.Ng3 h6 17.Be3 Qd6 18.f3 Nbd5 19.Bf2 Rfd8 20.Nge4 Qf4 21.Qc2 a5 22.
Nc5 Bc6 23.Ba2 Qb8 24.Bg3 Bd6 25.Qf2 Bxg3 26.hxg3 Qb4 27.Rac1 a4 28.N3e4 
Be8 29.Nd3 Qb6 30.Bb1 Rac8 31.Nec5 Bb5 32.Ne5 Nb4 33.f4 Nc6 34.Red1 Qb8 
35.Ba2 Nb4 36.Bb1 Nc6 37.Rc3 Ne7 38.g4 Nfd5 39.Rh3 f6 40.Qc2 Nxf4 41.Qh7+ 
Kf8 42.Qh8+ Ng8 43.Bh7 Nxh3+ 44.gxh3 Ke7 45.Nb7 1-0

[Event "21st Capablanca Memorial group A"]
[Site "Havana CUB"]
[Date "1986.??.??"]
[Round "4"]
[White "Nogueiras Santiago, Jesus"]
[Black "Diaz Diaz, Joaquin"]
[Result "1/2-1/2"]
[WhiteElo "2570"]
[BlackElo "2365"]
[EventDate "1986.05.20"]
[PlyCount "54"]

1.d4 d5 2.c4 e6 3.Nc3 Be7 4.cxd5 exd5 5.Bf4 c6 6.e3 Bf5 7.Nge2 Nd7 8.Ng3 
Bg6 9.h4 Bxh4 10.Qb3 Nb6 11.a4 Bxg3 12.Bxg3 a5 13.Rc1 Rc8 14.Be2 Ne7 15.
O-O O-O 16.Rfd1 Re8 17.Bh4 f6 18.Bg3 Kh8 19.Re1 Bf5 20.f3 Bg6 21.Bf1 Nf5 
22.Bf2 Nd6 23.Bg3 Nbc4 24.Bxc4 Nxc4 25.e4 Nd2 26.Qd1 Nc4 27.Qb3 Nd2 
1/2-1/2

[Event "21st Capablanca Memorial group A"]
[Site "Havana CUB"]
[Date "1986.??.??"]
[Round "4"]
[White "Sunye Neto, Jaime"]
[Black "Barbulescu, Dan"]
[Result "1/2-1/2"]
[WhiteElo "2480"]
[BlackElo "2450"]
[EventDate "1986.05.20"]
[PlyCount "73"]

1.Nf3 Nf6 2.g3 d5 3.Bg2 c6 4.O-O Bf5 5.b3 Nbd7 6.Bb2 e6 7.c4 h6 8.d3 Be7 
9.Nbd2 O-O 10.a3 a5 11.Bc3 Qc7 12.Qc1 e5 13.e4 Bh7 14.h3 d4 15.Bb2 Ne8 16.
b4 c5 17.bxa5 Rxa5 18.Qc2 Nd6 19.Rae1 Nc8 20.Nh2 Bd6 21.Bc1 Ne7 22.Ng4 
Raa8 23.Nf3 f6 24.Nh4 Kh8 25.f4 f5 26.exf5 exf4 27.Bxf4 Nxf5 28.Nxf5 Rxf5 
29.Bxd6 Qxd6 30.Kh2 Rxf1 31.Bxf1 b6 32.Bg2 Rf8 33.Qe2 Nf6 34.Ne5 Nd7 35.
Nc6 Nf6 36.Ne5 Nd7 37.Nc6 1/2-1/2

[Event "21st Capablanca Memorial group A"]
[Site "Havana CUB"]
[Date "1986.??.??"]
[Round "4"]
[White "Armas Gutierrez, Jorge"]
[Black "Garcia Palermo, Carlos"]
[Result "0-1"]
[WhiteElo "2345"]
[BlackElo "2550"]
[EventDate "1986.05.20"]
[PlyCount "70"]

1.d4 d5 2.Nf3 c5 3.dxc5 e6 4.g3 Bxc5 5.Bg2 Nc6 6.O-O Nf6 7.c4 O-O 8.Nc3 
Re8 9.Bg5 d4 10.Ne4 Be7 11.Bxf6 gxf6 12.Ne1 f5 13.Nd2 e5 14.Nd3 e4 15.Nf4 
Bg5 16.Nd5 Be6 17.f4 Bh6 18.g4 Bxd5 19.cxd5 Qxd5 20.Qb3 Qxb3 21.axb3 e3 
22.Nc4 d3 23.Nd6 dxe2 24.Rfe1 Re6 25.Bxc6 bxc6 26.Nxf5 Bxf4 27.Kg2 Bc7 28.
Rxe2 Bb6 29.Rd1 h5 30.h3 Kh7 31.Kf3 Kg6 32.Nxe3 Rae8 33.Rde1 Ba5 34.Rh1 h4
35.Ng2 Rf6+ 0-1

[Event "21st Capablanca Memorial group A"]
[Site "Havana CUB"]
[Date "1986.??.??"]
[Round "4"]
[White "Rodriguez Cespedes, Amador"]
[Black "Vladimirov, Evgeny"]
[Result "1/2-1/2"]
[WhiteElo "2505"]
[BlackElo "2490"]
[EventDate "1986.05.20"]
[PlyCount "41"]

1.d4 d5 2.Nf3 c5 3.c4 e6 4.cxd5 exd5 5.Nc3 Nc6 6.g3 Nf6 7.Bg2 Be7 8.O-O 
O-O 9.Bg5 cxd4 10.Nxd4 h6 11.Bf4 Bg4 12.h3 Bd7 13.Rc1 Rc8 14.Kh2 Be6 15.
Nxe6 fxe6 16.e4 d4 17.e5 dxc3 18.exf6 Qxd1 19.Rfxd1 Bxf6 20.bxc3 Na5 21.
Rd6 1/2-1/2

[Event "21st Capablanca Memorial group A"]
[Site "Havana CUB"]
[Date "1986.??.??"]
[Round "4"]
[White "Kirov, Nino"]
[Black "Garcia Gonzales, Guillermo"]
[Result "1/2-1/2"]
[WhiteElo "2485"]
[BlackElo "2495"]
[EventDate "1986.05.20"]
[PlyCount "27"]

1.e4 e6 2.d4 d5 3.Nd2 c5 4.exd5 Qxd5 5.Ngf3 cxd4 6.Bc4 Qd6 7.O-O Nf6 8.Nb3
Nc6 9.Nbxd4 Nxd4 10.Qxd4 Qxd4 11.Nxd4 Bd7 12.h3 Rc8 13.Bb3 Bc5 14.Be3 
1/2-1/2

[Event "21st Capablanca Memorial group A"]
[Site "Havana CUB"]
[Date "1986.??.??"]
[Round "5"]
[White "Garcia Palermo, Carlos"]
[Black "Rodriguez Cespedes, Amador"]
[Result "0-1"]
[WhiteElo "2550"]
[BlackElo "2505"]
[EventDate "1986.05.20"]
[PlyCount "82"]

1.d4 Nf6 2.c4 e6 3.Nc3 Bb4 4.e3 c5 5.Ne2 d5 6.a3 Bxc3+ 7.Nxc3 cxd4 8.exd4 
dxc4 9.Bxc4 Nc6 10.Be3 O-O 11.O-O b6 12.Qf3 Bb7 13.Qh3 Ne7 14.Rad1 Nfd5 
15.Bd3 f5 16.Rfe1 Ng6 17.Bf1 Rc8 18.Bc1 Qd7 19.Qg3 Nxc3 20.bxc3 Bd5 21.h4 
Bb3 22.h5 Bxd1 23.Rxd1 Ne7 24.c4 b5 25.h6 Rf7 26.d5 bxc4 27.dxe6 Qxe6 28.
Rd6 Qe4 29.Qc3 Nd5 30.Qa5 Nf6 31.Bb2 Qe7 32.Qxf5 Nd7 33.Qd5 c3 34.Bc1 Nb6 
35.Qd4 Rf6 36.Rxb6 Rxb6 37.Bc4+ Kh8 38.hxg7+ Qxg7 39.Be3 c2 40.Qf4 c1=Q+ 
41.Bxc1 Rb1 0-1

[Event "21st Capablanca Memorial group A"]
[Site "Havana CUB"]
[Date "1986.??.??"]
[Round "5"]
[White "Eingorn, Viacheslav"]
[Black "Sunye Neto, Jaime"]
[Result "0-1"]
[WhiteElo "2560"]
[BlackElo "2480"]
[EventDate "1986.05.20"]
[PlyCount "150"]

1.Nf3 Nf6 2.c4 e6 3.Nc3 Bb4 4.Qc2 d5 5.a3 Bxc3 6.Qxc3 O-O 7.e3 b6 8.b4 c5 
9.bxc5 bxc5 10.cxd5 Ne4 11.Qc2 exd5 12.Be2 Bf5 13.d3 Qa5+ 14.Nd2 Nf6 15.
Bb2 Nbd7 16.Bc3 Qa6 17.e4 Bg6 18.O-O Rfe8 19.Rfe1 Rac8 20.Qa2 d4 21.Bb2 
Ne5 22.Qb1 Rb8 23.Ra2 c4 24.dxc4 Qa5 25.Qc1 Nxe4 26.Nxe4 Bxe4 27.Bf1 Bd3 
28.Rd1 Bxf1 29.Kxf1 d3 30.Bxe5 Qxe5 31.g3 Qe2+ 32.Rxe2 dxe2+ 33.Kg2 exd1=Q
34.Qxd1 Re7 35.Qd6 Reb7 36.c5 Rc8 37.Qa6 Rbc7 38.h4 h5 39.c6 g6 40.Qa5 Kg7
41.Qe5+ Kg8 42.Qa5 Rxc6 43.Qxa7 Rf6 44.Qa4 Kh7 45.Qa7 Rf5 46.Qa4 Rc7 47.
Qa8 Rcc5 48.Qa7 Rc6 49.Qe7 Ra6 50.Qe3 Rfa5 51.Qe8 Kg7 52.f4 Re6 53.Qb8 
Re2+ 54.Kf1 Ra2 55.Qd8 R2xa3 56.Qd4+ Kh7 57.Kg2 R3a4 58.Qf6 Rf5 59.Qe7 
Ra2+ 60.Kh3 Kg7 61.Qd7 Kh7 62.Qd8 Re2 63.Qf8 Rd2 64.Qc8 Rd3 65.Qb8 Rc3 66.
Qd6 Rc8 67.Qd7 Rf8 68.Qd6 Kg8 69.Qd7 Rc5 70.Qd6 Rfc8 71.Qd7 Ra8 72.Qe7 Rc2
73.f5 Raa2 74.Qe8+ Kg7 75.Qe5+ Kf8 0-1

[Event "21st Capablanca Memorial group A"]
[Site "Havana CUB"]
[Date "1986.??.??"]
[Round "5"]
[White "Barbulescu, Dan"]
[Black "Kirov, Nino"]
[Result "1/2-1/2"]
[WhiteElo "2450"]
[BlackElo "2485"]
[EventDate "1986.05.20"]
[PlyCount "53"]

1.e4 c5 2.Nf3 e6 3.d4 cxd4 4.Nxd4 a6 5.Bd3 Bc5 6.Nb3 Ba7 7.O-O Ne7 8.Qe2 
Nbc6 9.Be3 Bxe3 10.Qxe3 O-O 11.Nc3 d5 12.exd5 exd5 13.Ne2 Re8 14.Rfe1 Ng6 
15.Qg3 Qe7 16.Bxg6 hxg6 17.Qc3 Bf5 18.Qd2 Qf6 19.Nbd4 Re4 20.c3 Rae8 21.
Red1 Ne5 22.Ng3 Rh4 23.Re1 Bd7 24.Rad1 Rh6 25.Nf1 Kh7 26.b3 g5 27.Re3 
1/2-1/2

[Event "21st Capablanca Memorial group A"]
[Site "Havana CUB"]
[Date "1986.??.??"]
[Round "6"]
[White "Armas Gutierrez, Jorge"]
[Black "Diaz Diaz, Joaquin"]
[Result "1/2-1/2"]
[WhiteElo "2345"]
[BlackElo "2365"]
[EventDate "1986.05.20"]
[PlyCount "83"]

1.d4 d5 2.c4 e6 3.Nc3 Nf6 4.Bg5 Be7 5.Nf3 O-O 6.e3 h6 7.Bxf6 Bxf6 8.Rc1 c6
9.Bd3 Nd7 10.O-O dxc4 11.Bxc4 e5 12.h3 exd4 13.exd4 Nb6 14.Bb3 Re8 15.Re1 
Bf5 16.Rxe8+ Qxe8 17.Qd2 Qd7 18.Re1 Rd8 19.Qf4 Nd5 20.Nxd5 cxd5 21.Ne5 
Bxe5 22.Rxe5 Be6 23.Qd2 Kf8 24.Qd3 Qc7 25.Qe3 Rd6 26.Qd2 a6 27.Re1 Rc6 28.
h4 Qd6 29.g3 Bf5 30.Kg2 Rc8 31.Qa5 Be6 32.Re3 Rc7 33.Bd1 Rc4 34.Rd3 Qc7 
35.Qa3+ Qe7 36.Qxe7+ Kxe7 37.Bb3 Rb4 38.Kf3 Kd6 39.Ke3 a5 40.a3 Rb6 41.Rc3
a4 42.Bxa4 1/2-1/2

[Event "21st Capablanca Memorial group A"]
[Site "Havana CUB"]
[Date "1986.??.??"]
[Round "6"]
[White "Rodriguez Cespedes, Amador"]
[Black "Boensch, Uwe"]
[Result "1/2-1/2"]
[WhiteElo "2505"]
[BlackElo "2475"]
[EventDate "1986.05.20"]
[PlyCount "62"]

1.d4 d5 2.Nf3 Nf6 3.c4 e6 4.Bg5 Be7 5.Nc3 O-O 6.e3 h6 7.Bxf6 Bxf6 8.Rc1 
Nc6 9.Be2 a6 10.O-O dxc4 11.Bxc4 e5 12.d5 Ne7 13.Ne4 Nf5 14.Be2 Nd6 15.
Nxf6+ Qxf6 16.Rxc7 e4 17.Nd4 Re8 18.Qb3 Qg6 19.Rfc1 Bh3 20.g3 h5 21.Bf1 
Bxf1 22.Kxf1 h4 23.Kg2 hxg3 24.hxg3 Qf6 25.Qd1 Nb5 26.Nxb5 axb5 27.Qg4 
Qxb2 28.Qh3 Qxa2 29.Rxf7 Kxf7 30.Rc7+ Kg8 31.Qd7 Qb2 1/2-1/2

[Event "21st Capablanca Memorial group A"]
[Site "Havana CUB"]
[Date "1986.??.??"]
[Round "6"]
[White "Nogueiras Santiago, Jesus"]
[Black "Barbulescu, Dan"]
[Result "1-0"]
[WhiteElo "2570"]
[BlackElo "2450"]
[EventDate "1986.05.20"]
[PlyCount "93"]

1.d4 Nf6 2.c4 c6 3.Nc3 d5 4.e3 g6 5.Nf3 Bg7 6.Bd2 O-O 7.Rc1 Be6 8.cxd5 
Nxd5 9.Be2 Nxc3 10.Bxc3 Bd5 11.Qc2 Qb6 12.b4 Na6 13.a3 Bxf3 14.Bxf3 Nc7 
15.O-O Rfe8 16.Rfd1 e6 17.Be1 Rad8 18.a4 a6 19.g3 Qa7 20.Be2 Rd7 21.Rb1 
Red8 22.Rdc1 e5 23.dxe5 Bxe5 24.Qc5 Qxc5 25.Rxc5 Re7 26.Kg2 Rd5 27.Rc2 
Rdd7 28.g4 h6 29.Rb3 Kg7 30.Rc5 Bf6 31.b5 axb5 32.axb5 Nxb5 33.Bxb5 cxb5 
34.Rcxb5 Be5 35.h4 f6 36.g5 hxg5 37.hxg5 Kf7 38.Bb4 Re6 39.f4 Bd6 40.Rd3 
fxg5 41.Rxg5 Ke7 42.Rgd5 Rd8 43.Kf3 g5 44.Rxd6 Rdxd6 45.Rxd6 Rxd6 46.fxg5 
Ke6 47.Bxd6 1-0

[Event "21st Capablanca Memorial group A"]
[Site "Havana CUB"]
[Date "1986.??.??"]
[Round "7"]
[White "Garcia Palermo, Carlos"]
[Black "Ivkov, Borislav"]
[Result "1/2-1/2"]
[WhiteElo "2550"]
[BlackElo "2525"]
[EventDate "1986.05.20"]
[PlyCount "47"]

1.d4 d6 2.Nf3 g6 3.c4 f5 4.Nc3 Nf6 5.g3 Bg7 6.Bg2 O-O 7.O-O c6 8.d5 e5 9.
dxe6 Bxe6 10.Qd3 Na6 11.Ng5 Bc8 12.Bf4 Nh5 13.Rad1 Nxf4 14.gxf4 h6 15.Nf3 
Rf6 16.Rd2 Nc5 17.Qc2 Qe7 18.Nd4 Bd7 19.e3 a5 20.Nb3 Ne6 21.Na4 g5 22.Nb6 
Rd8 23.fxg5 Nxg5 24.Nxd7 1/2-1/2

[Event "21st Capablanca Memorial group A"]
[Site "Havana CUB"]
[Date "1986.??.??"]
[Round "7"]
[White "Eingorn, Viacheslav"]
[Black "Nogueiras Santiago, Jesus"]
[Result "1/2-1/2"]
[WhiteElo "2560"]
[BlackElo "2570"]
[EventDate "1986.05.20"]
[PlyCount "77"]

1.e4 e6 2.d4 d5 3.Nd2 c5 4.Ngf3 cxd4 5.Nxd4 Nf6 6.exd5 Nxd5 7.N2f3 Be7 8.
Bc4 O-O 9.O-O Nc6 10.c3 Bf6 11.Re1 Nce7 12.Bg5 Qc7 13.Bd3 Bd7 14.Qc2 Ng6 
15.Bxf6 gxf6 16.Rad1 Rfd8 17.g3 f5 18.Bf1 Nf6 19.Bg2 Be8 20.Qb3 Rd6 21.Nb5
Bxb5 22.Qxb5 Rb6 23.Qe2 Rc8 24.Nd4 Qc4 25.Qxc4 Rxc4 26.Re2 h5 27.Nf3 h4 
28.Rd4 Rxd4 29.Nxd4 f4 30.Nb3 Nd7 31.Rd2 Nde5 32.Nc5 h3 33.Bxb7 Kg7 34.Be4
Nc4 35.Rd4 Nxb2 36.Rb4 Rd6 37.Rd4 Rb6 38.Rb4 Rd6 39.Rd4 1/2-1/2

[Event "21st Capablanca Memorial group A"]
[Site "Havana CUB"]
[Date "1986.??.??"]
[Round "7"]
[White "Diaz Diaz, Joaquin"]
[Black "Rodriguez Cespedes, Amador"]
[Result "1-0"]
[WhiteElo "2365"]
[BlackElo "2505"]
[EventDate "1986.05.20"]
[PlyCount "119"]

1.e4 c6 2.d4 d5 3.Nd2 dxe4 4.Nxe4 Nd7 5.Nf3 Ngf6 6.Nxf6+ Nxf6 7.Ne5 Be6 8.
Be2 g6 9.O-O Bg7 10.c4 O-O 11.Be3 Ne8 12.Qb3 Nd6 13.Rad1 Qc8 14.Qc3 Rd8 
15.Rfe1 Nf5 16.f4 Nxe3 17.Qxe3 a5 18.Rd2 a4 19.Rc1 Bf5 20.Bf3 Qc7 21.Kh1 
f6 22.Nd3 Bh6 23.Re1 Bxd3 24.Rxd3 Bxf4 25.Qxe7 Qxe7 26.Rxe7 Re8 27.Rxe8+ 
Rxe8 28.g3 Re1+ 29.Kg2 Bd6 30.c5 Bf8 31.Rd1 Re8 32.Rc1 Rd8 33.Rc4 a3 34.
bxa3 f5 35.Rb4 Rd7 36.a4 Kf7 37.Kf2 Ke7 38.a5 Rc7 39.Ke3 h5 40.a6 bxa6 41.
Rb6 Kd7 42.Rxa6 Be7 43.a4 h4 44.a5 hxg3 45.hxg3 Bg5+ 46.Kd3 Bd8 47.Rb6 Ra7
48.Rxc6 Rxa5 49.Rxg6 Ra3+ 50.Ke2 Ra2+ 51.Ke3 Ra3+ 52.Kf2 Be7 53.Bb7 Rc3 
54.Ke2 Bd8 55.Ba6 Bc7 56.Bd3 f4 57.Bf5+ Ke7 58.Rg7+ Kd8 59.Rg8+ Ke7 60.Rc8
1-0

[Event "21st Capablanca Memorial group A"]
[Site "Havana CUB"]
[Date "1986.??.??"]
[Round "7"]
[White "Garcia Gonzales, Guillermo"]
[Black "Armas Gutierrez, Jorge"]
[Result "1/2-1/2"]
[WhiteElo "2495"]
[BlackElo "2345"]
[EventDate "1986.05.20"]
[PlyCount "29"]

1.d4 d5 2.c4 e6 3.Nf3 Nf6 4.Nc3 Be7 5.Bg5 h6 6.Bxf6 Bxf6 7.e3 O-O 8.Rc1 c6
9.Bd3 Nd7 10.O-O dxc4 11.Bxc4 e5 12.h3 exd4 13.exd4 Nb6 14.Bb3 Bf5 15.Re1 
1/2-1/2

[Event "21st Capablanca Memorial group A"]
[Site "Havana CUB"]
[Date "1986.??.??"]
[Round "7"]
[White "Sunye Neto, Jaime"]
[Black "Kirov, Nino"]
[Result "1-0"]
[WhiteElo "2480"]
[BlackElo "2485"]
[EventDate "1986.05.20"]
[PlyCount "118"]

1.c4 Nf6 2.Nf3 g6 3.g3 Bg7 4.Bg2 d5 5.cxd5 Nxd5 6.Nc3 O-O 7.O-O Nc6 8.Qa4 
Nb6 9.Qh4 e5 10.Qxd8 Rxd8 11.d3 h6 12.Be3 Nd4 13.Rfc1 c6 14.Kf1 f5 15.Rab1
Be6 16.Nd2 Rd7 17.a4 Nb3 18.Nxb3 Bxb3 19.a5 Nd5 20.Bc5 b6 21.axb6 axb6 22.
Nxd5 cxd5 23.Bxb6 e4 24.Rc6 Kf7 25.g4 Ra6 26.gxf5 gxf5 27.Bh3 Ba4 28.Ra1 
Bxb2 29.Rxa4 Rxa4 30.Bxf5 exd3 31.Bxd3 Bf6 32.Be3 h5 33.Bf5 Re7 34.Bd3 Rh4
35.Kg2 Be5 36.h3 Ke8 37.Rc8+ Kf7 38.Bg5 Rb4 39.Bxe7 Kxe7 40.Ra8 Rb8 41.
Ra7+ Ke6 42.Ra6+ Bd6 43.e3 Rg8+ 44.Kf1 Rb8 45.Bg6 Rh8 46.Bf7+ Ke5 47.f4+ 
Ke4 48.Rxd6 Kxe3 49.f5 Rf8 50.Bg6 h4 51.Rxd5 Ra8 52.Re5+ Kf4 53.Re2 Kg3 
54.Re3+ Kf4 55.Kf2 Ra2+ 56.Re2 Ra3 57.Kg2 Rg3+ 58.Kh2 Kf3 59.Bh5+ Kf4 1-0

[Event "21st Capablanca Memorial group A"]
[Site "Havana CUB"]
[Date "1986.??.??"]
[Round "8"]
[White "Garcia Palermo, Carlos"]
[Black "Boensch, Uwe"]
[Result "1-0"]
[WhiteElo "2550"]
[BlackElo "2475"]
[EventDate "1986.05.20"]
[PlyCount "54"]

1.d4 d5 2.c4 e6 3.Nc3 c6 4.Bf4 Nf6 5.e3 Nbd7 6.Bd3 Be7 7.Nf3 dxc4 8.Bxc4 
Nd5 9.O-O O-O 10.Qe2 N7f6 11.Be5 Nxc3 12.bxc3 c5 13.Rfd1 Bd7 14.dxc5 Bxc5 
15.Ng5 Be7 16.Rab1 Qc8 17.Qd3 Rd8 18.Bxf6 Bxf6 19.Qxh7+ Kf8 20.Qh8+ Ke7 
21.Qh5 g6 22.Qh4 Qc5 23.Nxe6 Qe5 24.Qh7 Rh8 25.Rxd7+ Kxd7 26.Qxf7+ Be7 27.
Rxb7+ Kc6 1-0

[Event "21st Capablanca Memorial group A"]
[Site "Havana CUB"]
[Date "1986.??.??"]
[Round "8"]
[White "Vladimirov, Evgeny"]
[Black "Diaz Diaz, Joaquin"]
[Result "1-0"]
[WhiteElo "2490"]
[BlackElo "2365"]
[EventDate "1986.05.20"]
[PlyCount "45"]

1.d4 d5 2.c4 e6 3.Nc3 Nf6 4.cxd5 exd5 5.Bg5 c6 6.Qc2 g6 7.Nxd5 Qxd5 8.Bxf6
Bb4+ 9.Kd1 O-O 10.e4 Re8 11.Bd3 Bf5 12.f3 Nd7 13.Ne2 Nxf6 14.exd5 Nxd5 15.
Qb1 c5 16.Bxf5 Ne3+ 17.Kc1 Nxf5 18.a3 Rxe2 19.axb4 c4 20.Rd1 Rc8 21.Ra3 
Rd8 22.d5 Nd6 23.Rc3 1-0

[Event "21st Capablanca Memorial group A"]
[Site "Havana CUB"]
[Date "1986.??.??"]
[Round "8"]
[White "Rodriguez Cespedes, Amador"]
[Black "Garcia Gonzales, Guillermo"]
[Result "1/2-1/2"]
[WhiteElo "2505"]
[BlackElo "2495"]
[EventDate "1986.05.20"]
[PlyCount "29"]

1.d4 Nf6 2.Nf3 e6 3.g3 b6 4.Bg2 Bb7 5.O-O Be7 6.c4 O-O 7.Nc3 Ne4 8.Nxe4 
Bxe4 9.Ne1 Bxg2 10.Nxg2 d5 11.Qa4 Qd7 12.Qxd7 Nxd7 13.cxd5 exd5 14.Nf4 Nf6
15.Be3 1/2-1/2

[Event "21st Capablanca Memorial group A"]
[Site "Havana CUB"]
[Date "1986.??.??"]
[Round "8"]
[White "Ivkov, Borislav"]
[Black "Kirov, Nino"]
[Result "1/2-1/2"]
[WhiteElo "2525"]
[BlackElo "2485"]
[EventDate "1986.05.20"]
[PlyCount "23"]

1.d4 Nf6 2.c4 e6 3.Nf3 b6 4.g3 Bb7 5.Bg2 Be7 6.O-O O-O 7.Nc3 Ne4 8.Qc2 
Nxc3 9.Qxc3 c5 10.b3 Qc7 11.Bb2 Bf6 12.Qd2 1/2-1/2

[Event "21st Capablanca Memorial group A"]
[Site "Havana CUB"]
[Date "1986.??.??"]
[Round "8"]
[White "Nogueiras Santiago, Jesus"]
[Black "Sunye Neto, Jaime"]
[Result "1/2-1/2"]
[WhiteElo "2570"]
[BlackElo "2480"]
[EventDate "1986.05.20"]
[PlyCount "50"]

1.d4 Nf6 2.c4 e6 3.g3 d5 4.Bg2 dxc4 5.Qa4+ Nbd7 6.Qxc4 a6 7.Nd2 c5 8.dxc5 
Nxc5 9.Nb3 b5 10.Qd4 Bb7 11.Bxb7 Qxd4 12.Nxd4 Nxb7 13.Ngf3 Bc5 14.Bd2 Ne4 
15.Be3 Nbd6 16.a4 O-O 17.O-O bxa4 18.Rxa4 Rfb8 19.Rfa1 Rxb2 20.Rxa6 Rxa6 
21.Rxa6 h6 22.Nxe6 fxe6 23.Bxc5 Nxc5 24.Rxd6 Rxe2 25.Nd4 Rxf2 1/2-1/2

[Event "21st Capablanca Memorial group A"]
[Site "Havana CUB"]
[Date "1986.??.??"]
[Round "9"]
[White "Garcia Gonzales, Guillermo"]
[Black "Vladimirov, Evgeny"]
[Result "0-1"]
[WhiteElo "2495"]
[BlackElo "2490"]
[EventDate "1986.05.20"]
[PlyCount "107"]

1.d4 Nf6 2.c4 e6 3.Nf3 b6 4.Nc3 Bb4 5.Bd2 Bb7 6.e3 O-O 7.Bd3 d5 8.O-O dxc4
9.Bxc4 Nbd7 10.Qe2 a6 11.a3 Bd6 12.e4 b5 13.Ba2 e5 14.Rad1 Qe7 15.Bg5 exd4
16.Rxd4 h6 17.Bh4 Ne5 18.Rfd1 Ng6 19.Bxf6 Qxf6 20.Bd5 Nf4 21.Qc2 Nxd5 22.
Nxd5 Bxd5 23.Rxd5 Rae8 24.Rf5 Qg6 25.g3 Re7 26.Kg2 Rfe8 27.Re1 Qe6 28.Nd4 
Qc4 29.Qxc4 bxc4 30.Kf3 Re5 31.Re2 Rb8 32.Rc2 c5 33.Ne2 Rb3+ 34.Nc3 Kf8 
35.Ke2 Ke7 36.Rxe5+ Bxe5 37.Nd1 Kd6 38.Ne3 c3 39.Nc4+ Ke6 40.bxc3 Bxc3 41.
Nd2 Bxd2 42.Kxd2 Kd6 43.Rc3 Rb2+ 44.Ke3 a5 45.h4 a4 46.f4 h5 47.Kd3 Kc6 
48.Ke3 Rb3 49.Kd2 Kb5 50.e5 Rxc3 51.Kxc3 Kc6 52.Kc4 g6 53.Kc3 Kd5 54.Kd3 
0-1